Business plan and enterprise development bakalárska práca

Uložené v:
Podrobná bibliografia
Hlavný autor: Yakymenko, Mariana
Korporativný autor: Fakulta podnikového manažmentu EU. Katedra manažmentu
Ďalší autori: Zagoršek, Branislav, 1984-
Médium: Kniha
Jazyk:English
Vydavateľské údaje: Bratislava 2017
Tagy: Pridať tag
Žiadne tagy, Buďte prvý, kto otaguje tento záznam!

MARC

LEADER 00000nbm a2200000 4500
001 0232583
005 20171215130006.6
041 0 |a eng 
044 |a SK 
245 1 0 |a Business plan and enterprise development  |b bakalárska práca  |c Mariana Yakymenko ; školiteľ: Branislav Zagoršek 
264 1 |a Bratislava  |c 2017 
300 |a 42 s. 
100 1 |a Yakymenko, Mariana 
700 1 |a Zagoršek, Branislav, 1984- 
710 2 |a Fakulta podnikového manažmentu EU. Katedra manažmentu